ბათუმის შოთა რუსთაველის სახელმწიფო უნივერსიტეტის ბიბლიოთეკა

Таблицы интегральных преобразовании. т.1 Преобразование Фурье,Лапласа,Меллина (ბიბ.ჩანაწერი № 47984)

000 -LEADER
fixed length control field 00826nam a2200229Ia 4500
001 - CONTROL NUMBER
control field 14862
003 - CONTROL NUMBER IDENTIFIER
control field GE_BSU
008 - FIXED-LENGTH DATA ELEMENTS--GENERAL INFORMATION
fixed length control field 181216s||||||||xx |||||||||||||| ||und||
040 ## - CATALOGING SOURCE
Transcribing agency GE_BSU
080 ## - UNIVERSAL DECIMAL CLASSIFICATION NUMBER
Universal Decimal Classification number 517.44(083.4)
100 ## - MAIN ENTRY--PERSONAL NAME
Personal name Бейтмен,Г. Эрдейи, А.
245 ## - TITLE STATEMENT
Title Таблицы интегральных преобразовании. т.1 Преобразование Фурье,Лапласа,Меллина
245 ## - TITLE STATEMENT
Statement of responsibility, etc. Пер. с англ. Н.Я.Виленкина
260 ## - PUBLICATION, DISTRIBUTION, ETC.
Place of publication, distribution, etc. Москва
260 ## - PUBLICATION, DISTRIBUTION, ETC.
Name of publisher, distributor, etc. Наука
260 ## - PUBLICATION, DISTRIBUTION, ETC.
Date of publication, distribution, etc. 1969
300 ## - PHYSICAL DESCRIPTION
Extent 343стр.22см.
300 ## - PHYSICAL DESCRIPTION
Accompanying material Указатель стр.338-341
653 ## - INDEX TERM--UNCONTROLLED
Uncontrolled term Преобразование Фурье,Лапласа,Меллина
653 ## - INDEX TERM--UNCONTROLLED
Uncontrolled term Таблицы интегральных преобразовании.
942 ## - ADDED ENTRY ELEMENTS (KOHA)
Koha item type წიგნი
ეგზემპლარები
Withdrawn status Lost status Damaged status Not for loan Date acquired Barcode Date last seen Price effective from Koha item type
        2018-12-17 17905 2018-12-17 2018-12-17 წიგნი